000 00873nab a2200253 u 4500
001 17886
003 HDC
007 cr bn ---aaaaa
008 210225c20100126xx dr|noo 0 a eng d
040 _aHDC
100 _aMacdonald, Arthur
_eauthor
_917056
245 0 _aMideast boost for Malaysian forum / by
_cArthur Macdonald
260 _a[No place] :
_b[publisher not identified],
_c2010
336 _atext
_2rdacontent
337 _acomputer
_2rdamedia
338 _aonline resource
_2rdacarrier
650 _abusiness opportunities
_95958
650 _aWorld Islamic Economic Forum (WIEF)
_99338
710 _aDagangHalal.com
856 _zRequest full-text at [email protected]
942 _2lcc
942 _cNEWS
942 _kNWSO 005985
999 _c15202
_d15202